000 00740nam a2200265Ia 4500
003 OSt
005 20220918164339.0
006 a|||||r|||| 00| 0
007 ta
008 220917b |||||||| |||| 00| 0 eng d
020 _a0521599385
024 _a2,432
037 _cTextual
040 _aARTS
_cARTS
_beng
041 _2eng
_aeng
082 _aW6.59B, N7
100 _aDawisha Karen. ed
_918459
245 0 _aConsolidation of democracy in East-Central Europe
260 _aCambridge
_bCUP
_c1997
300 _axx,389
_ccm.
650 _aDEMOCRACY - EUROPE
_918460
700 _a Parrott Bruce. ed
_918461
942 _hW6.59B, N7
_cTEXL
_2CC
999 _c124369
_d124369